Hermandades de Almería - Estadísticas

Estadísticas generales
  • Esta prueba ha sido intentada 24 veces
  • La puntuación promedio es 19 de 23
Estadísticas de respuestas
Dia Hermandad % Correcto
Domingo de Ramos Borriquita
100%
Estrella
100%
Amor
94%
Ángeles
94%
Macarena
94%
Prendimiento
94%
Domingo de Resurrección Resucitado
94%
Santa Cena
94%
Soledad
89%
Martes Santo Coronación
83%
Estudiantes
83%
Gran Poder
83%
Lunes Santo Pasión
83%
Perdón
83%
Silencio
83%
Angustias
78%
Miércoles Santo Calvario
78%
Viernes Santo Caridad
72%
Sábado de Pasión Unidad
72%
Jueves Santo Rosario del Mar
67%
Santo Sepulcro
67%
Encuentro
61%
Madrugá Cristo de la Escucha
56%
No se encontraron pruebas coincidentes
Distribución de puntuación
Porcentaje de gente con cada puntuación
Porcentaje por número respondido
Historial de tus puntuaciones
No has intentado esta prueba.